Law and nature

Exploring the relationship between conceptions of nature and (largely American) legal thought and practice, this study focuses on the politics and pragmatics of "nature talk"--as expressed in extra-legal disputes as well as different forms of legal discourse. Topics include the forces of n...

ver descrição completa

Na minha lista:
Detalhes bibliográficos
Autor principal: Delaney, David
Formato: Livro
Idioma:Undetermined
Publicado em: Cambridge, UK,New York Cambridge University Press 2003
Assuntos:
Tags: Adicionar Tag
Sem tags, seja o primeiro a adicionar uma tag!
Thư viện lưu trữ: Trung tâm Học liệu Trường Đại học Cần Thơ
LEADER 01146nam a2200229Ia 4500
001 CTU_167357
008 210402s9999 xx 000 0 und d
020 |c 137 
082 |a 340.112 
082 |b D337 
100 |a Delaney, David 
245 0 |a Law and nature 
245 0 |c David Delaney 
260 |a Cambridge, UK,New York 
260 |b Cambridge University Press 
260 |c 2003 
520 |a Exploring the relationship between conceptions of nature and (largely American) legal thought and practice, this study focuses on the politics and pragmatics of "nature talk"--as expressed in extra-legal disputes as well as different forms of legal discourse. Topics include the forces of nature, endangered species, animal experiments and bestiality. David Delaney demonstrates throughout that nearly any analysis of "nature" entails an interpretation of the essence of "humanity" 
650 |a Science and law,Natural law,Law,Khoa học và luật pháp,Luật pháp 
650 |x Philosophy,Triết học 
650 |z United States,Hoa Kỳ 
910 |a Nguyên 
980 |a Trung tâm Học liệu Trường Đại học Cần Thơ